| 000 | 00357nam a22001577a 4500 | ||
|---|---|---|---|
| 003 | SGT | ||
| 020 | _a978-1-85097-178-8 | ||
| 082 | _a617.6342,E2009M | ||
| 100 | _aMERINO,ENRIQUE.M | ||
| 245 | _aENDODONTICS MICROSURGERY | ||
| 250 | _a1ST | ||
| 260 |
_aLONDON _bQUINTESSENCE PUBLICATION _c2009 |
||
| 300 | _a343 | ||
| 650 | _aCONSERVATIVE | ||
| 942 |
_2ddc _cBK |
||
| 999 |
_c9895 _d9895 |
||